000 00621nam a22002057a 4500
005 20251108174543.0
008 250721s2005 xx 000 0 ara d
020 _a9953370761
082 1 4 _aط/599.84/تاي
100 1 _aتايلور، باربرة
_eمؤلف
245 1 0 _aالقرود و السعادين /
264 1 _aبيروت :
_bاكاديميا،
_c2005.
300 _a47ص.
490 0 _aمعارفي العلمية المصورة
650 1 7 _aالحيوانات
650 1 7 _aالقرود
653 _aاطفال مرحله متوسطه (6-9) سنوات
942 _2ddc
_cBK
999 _c112126
_d112126